000 00433nam a22001577a 4500
999 _c3775
_d3775
008 200629b ||||| |||| 00| 0 eng d
020 _a0900976314
082 0 0 _a623.8503
_bL4251
100 _93106
_aLaws, W.
245 1 0 _aElectricity applied to marine engineering /
_cby W. Laws
250 _a4th ed.
260 _aLondon
_bInstitute of Marine Engineers
_c1966
300 _a445 p.
650 0 _aElectrical Engineering
942 _cBK